| 000 | 00700nam a22002297a 4500 | ||
|---|---|---|---|
| 003 | OSt | ||
| 005 | 20180911085316.0 | ||
| 008 | 180911b xxu||||| |||| 00| 0 spa d | ||
| 020 | _a978-987-42-0294-9 | ||
| 040 | _cBiblioteca Ernesto Sábato | ||
| 092 |
_a323.4 _bD383 |
||
| 245 | _aDEMOCRACIA ¿Donde están? : Derechos humanos, violencia institucional y subjetividad política en la provincia de Río Negro | ||
| 260 |
_aViedma _bCurza _c2015 |
||
| 300 | _a137 p | ||
| 650 | _aDEMOCRACIA | ||
| 650 | _aCIENCIA POLITICA | ||
| 650 | _aDERECHOS HUMANOS | ||
| 650 | _aRIO NEGRO (ARGENTINA) | ||
| 650 | _aVIOLENCIA INSTITUCIONAL | ||
| 700 | _aDaniel E. Welschinger. Comp. | ||
| 942 |
_2ddc _cBDGR |
||
| 999 |
_c32884 _d32884 |
||